000 00587nam a2200181Ia 4500
008 100920s9999 xx 000 0 und d
082 _b98520
_a--- न 07
100 _aबोराडे रा. रं.
245 _aनामदार श्रीमती.
260 _bसाकेत, औरंगाबाद.
_c2007
300 _a175
_bसाधी
365 _b140
520 _aकादंबरी.
630 _aनामदार श्रीमती.
650 _aकादंबरी.
730 _aनामदार श्रीमती.
942 _cBOOK
999 _c738958
_d738955